Регионална библиотека "Любен Каравелов" - Русе

Момиче на война (Запис номер 429397)

MARC детайли
000 -Лидер
Контролно поле с фиксирана дължина 01292nam a2200337 a 4500
003 - Код на организацията, давaща контролен номер
Контролно поле BLK
005 - Дата и час на последна редакция
Контролно поле 20250708162924.0
008 - Елементи от данни с фиксирана дължина
fixed length control field 210820b bul|||||r ||||||| ||bul||
010 ## - Наследен системен номер
LC control number KNG00213816000
020 ## - Международен стандартен номер на книга ISBN
Международен стандартен номер на книга ISBN 9786197581102
040 ## - Източник на каталожния запис
Идентификатор на билиотеката - собственик на записа BLK
041 ## - Код за език
Код за езика на текст/звукозапис или на отделно заглавие Български
Код за езика КДБФ Български
080 ## - УДК
Текстов определител УДК Американска литература (на САЩ)
УДК код - определител по УДК 821.111(73)
УДК определител -31
УДК - код + определител 821.111(73)-31
100 ## - Редна дума - Автор
R(LIN) 462924
Автор Нович, Сара
Авторска отговорност първи автор
139 ## - Редно поле
Редна дума Нович, Сара
Авторски знак Нови - Н 86
240 ## - Унифицирано заглавие
Унифицирано заглавие Girl at war
245 10 - Сведения за заглавието
Заглавие Момиче на война
Подзаглавни данни Роман
Редно поле (дума) Сара Нович ; прев. от англ. Василена Мирчева
257 ## - Страна на издаване
Страна на създаване/издаване Съединени американски щати
260 ## - Област на издателските данни
Място на издаване, разпространение и проч. София
Име на издателя, разпространителя и проч. Лемур Букс
Година на издаване 2021
Печатница Костинброд : Мултипринт
9 (RLIN) 433619
300 ## - Физическа характеристика
Страници 260 с.
Размери/Мащаб 21 см
380 ## - Жанр
Жанр Худож. лит.
500 ## - Общи забележки
Забележка Ориг. загл.: Girl at war / Sara Nović. - За авт.: с. 259
600 #0 - Име на лице, използвано като предмет
9 (RLIN) 462924
За него / За нея Нович, Сара
700 ## - Други автори (авторска отговорност)
Лично име Мирчева, Василена Красимирова
Автороска отговорност (Описва отношението между автора и произведението) прев. от англ.
9 (RLIN) 383787
852 ## - Местоположение
Фондова буква Заемна - подръчен фонд
Систематично-азбучна сигнатура 821-31/Н 86 С
852 ## - Местоположение
Форматна сигнатура Цб
Фондова буква Хранилище
999 ## - СИСТЕМНИ КОНТРОЛНИ НОМЕРА
Koha biblionumber 429397
Koha biblioitemnumber 429397
942 ## - АРТИКУЛИ
Вид на библиотечния материал Книги
Скрит в OPAC Не
Периодичен библиозапис Да
Koha issues (borrowed), all copies 36
944 ## - СЪЗДАВАНЕ И РЕДАКЦИЯ на ЗАПИСА
Създаване/Редакция Създаване
Дата на регистрацията/редакция 2021-08-20
Служител, извършил регистрацията/редакцията 30531
Статус, дата на статуса Цветелина Шанова
944 ## - СЪЗДАВАНЕ И РЕДАКЦИЯ на ЗАПИСА
Създаване/Редакция Редакция
Дата на регистрацията/редакция 2022-02-08
Служител, извършил регистрацията/редакцията СТ
999 ## - СИСТЕМНИ КОНТРОЛНИ НОМЕРА
Koha biblioitemnumber 429397
Наличности
Код за отписване Код за изгубен артикул Източник на класификационната схема Код за повреда Коз за рестрикции Код за отдаване Артикулен № Име на библиотеката - собственик Име на библиотеката, в която се намира в момента Статус (Текущо местоположение) Дата на вписване в системата Местоположение - отдел Цена в лева Систематично азбучна сигнатура Баркод Цена в евро Служебен тип на артикула
  Не е изгубен Universal Decimal Classification Не е повреден без рестрикции заемане за дома 849882 Регионална библиотека "Любен Каравелов" Русе Регионална библиотека "Любен Каравелов" Русе Заемна - подръчен фонд 2021-08-23 Заемна - подръчен фонд 14.80 821-31/Н 86 С 120000859685 7.57 Книги
  Не е изгубен Universal Decimal Classification Не е повреден без рестрикции заемане за дома 849883 Регионална библиотека "Любен Каравелов" Русе Регионална библиотека "Любен Каравелов" Русе Заемна - подръчен фонд 2021-08-23 Заемна - подръчен фонд 14.80 821-31/Н 86 С 120000859686 7.57 Книги
  Не е изгубен Universal Decimal Classification Не е повреден само за читалня ползва се в читалня 871912 Регионална библиотека "Любен Каравелов" Русе Регионална библиотека "Любен Каравелов" Русе Хранилище 2022-02-15 Хранилище 18.50 Цб 311064 120000865689 9.46 Книги
Vip Innovations Ltd, Rousse, Bulgaria 2025